Statistiques concernant Pays par production agricole totale

Cliquez ici pour prendre le quiz!

Statistiques générales

  • Ce quiz a été pris 3,175 fois
    (3,158 depuis la dernière actualisation)
  • Le résultat moyen est 19 sur 29

Statistiques - réponses

Par habitant $ Total $ Pays % Correct
53.8 mrdFrance
99%
918 mrdChine
98%
253 mrdEtats-Unis
98%
146 mrdBrésil
95%
67.5 mrdRussie
95%
315 mrdInde
94%
39.3 mrdAllemagne
93%
36.4 mrdEspagne
92%
86730.9 mrdCanada
91%
36.7 mrdArgentine
89%
34.4 mrdMexique
89%
40.7 mrdItalie
88%
1,208Australie
86%
62.2 mrdJapon
83%
118 mrdIndonésie
74%
58.8 mrdTurquie
62%
30.2 mrdThaïlande
62%
29.8 mrdViêt Nam
61%
3,530Nouvelle-Zélande
61%
33.3 mrdPakistan
57%
40.5 mrdIran
53%
1,239Grèce
49%
64.2 mrdNigeria
35%
1,268Uruguay
24%
1,137Paraguay
22%
1,112Danemark
22%
869Biélorussie
19%
920Costa Rica
15%
1,574Île Maurice
4%

Distribution des résultats

Percentile par nombre de réponses

% des personnes avec chaque résultat

Votre développement - résultats

Vous n’avez pas pris ce quiz depuis la dernière actualisation